|
|
|
|
| LEADER |
01148nam a2200229 a 4500 |
| 001 |
GR-MES1428 |
| 008 |
991111s1986 gr 000 0 gre d |
| 040 |
|
|
|a GrPaTEI
|b gre
|c GR-PaULI
|
| 245 |
0 |
0 |
|a Ανάλυση χρηματοοικονομικών καταστάσεων της επιχείρησης
|n 2ος.
|
| 260 |
|
|
|a Θεσσαλονίκη :
|b Παρατηρητής,
|c 1986
|
| 300 |
|
|
|a 446σελ. :
|b πιν.
|
| 500 |
|
|
|a βιβλιογραφία:σελ(443-446)
|
| 650 |
|
4 |
|a Επιχείρηση
|
| 650 |
|
4 |
|a Οικονομία
|
| 650 |
|
4 |
|a Χρήμα
|
| 700 |
1 |
|
|a Παπαδόπουλος, Δημήτρης
|
| 710 |
0 |
|
|a Παρατηρητής
|
| 942 |
|
|
|2 ddc
|
| 952 |
|
|
|0 0
|1 0
|2 ddc
|4 0
|6 657_330000000000000_ΠΑΠ
|7 0
|9 265626
|a MSLG
|b MSLG
|c BSC
|d 2021-01-17
|e 24
|f 0
|g 0.00
|l 0
|o 657.33 ΠΑΠ
|p 2420000002464
|r 2021-01-17 00:00:00
|t 1
|w 2021-01-17
|y BK15
|x 19991111 0 1
|x GrPaTEI
|
| 952 |
|
|
|0 0
|1 0
|2 ddc
|4 0
|6 657_330000000000000_ΠΑΠ
|7 0
|9 265627
|a MSLG
|b MSLG
|c BSC
|d 2021-01-17
|e 24
|f 0
|g 0.00
|l 0
|o 657.33 ΠΑΠ
|p 2420000002465
|r 2021-01-17 00:00:00
|t 1
|w 2021-01-17
|y BK15
|x 19991111 0 1
|x GrPaTEI
|
| 971 |
|
|
|a .b25724708
|b 15-04-20
|c 13-09-16
|
| 999 |
|
|
|c 152681
|d 152681
|